000 00254nam a2200097Ia 4500
008 200302s9999 xx 000 0 und d
100 _aN. K. Gandhi
245 _aStudy of Town and Country Planning in India
260 _bHonorary Secretary
300 _a348 P.,
999 _c5872
_d5872